| 000 | 01101nas a2200337 4500 | ||
|---|---|---|---|
| 001 | BR2019000280 | ||
| 003 | BR-BrBNA | ||
| 005 | 20231205131552.0 | ||
| 007 | ta | ||
| 008 | 230509b bl.|||p| |||| 00| 00por d | ||
| 040 |
_aBR-BrBNA _bpor _cBiblioteca Nacional de Agricultura |
||
| 041 | _a(En) | ||
| 072 | _aF40; H01 | ||
| 100 | 1 | _aSilva, G.Z. da | |
| 100 | 1 | _aMartins, C.C. | |
| 100 | 1 | _aNascimento, L.C. do | |
| 100 | 1 | _aBarreto, G.G. | |
| 100 | 1 | _aFarias, O.R. de | |
| 245 | 1 | _aPhytosanitary quality of Brachiaria brizantha 'BRS Piatã' seeds in function of climate conditions | |
| 650 | _aCAPIM BRACHIARIA | ||
| 650 | _aSEMENTE | ||
| 650 | _aGRAMÍNEA FORRAGEIRA | ||
| 650 | _aTEMPERATURA | ||
| 650 | _aUMIDADE | ||
| 650 | _aCONDIÇÃO AMBIENTAL | ||
| 650 | _aDEFESA VEGETAL | ||
| 773 | 0 |
_tRevista Brasileira de Engenharia Agrícola e Ambiental (Brazil) _xISSN 1807-1929 _g(Apr 2019), v. 23(4) p. 237-243 _wBR2019000280 |
|
| 856 | 4 | 0 | _uhttp://www.scielo.br/pdf/rbeaa/v23n4/1415-4366-rbeaa-23-04-0237.pdf |
| 909 |
_a202311 _bLúcia _c55 _dLúcia Elande |
||
| 942 |
_2AGRIS _n0 _cANA |
||
| 999 |
_c255499 _d255499 |
||